[Event "2nd Golders Green Open Apr 2014"]
[Site "?"]
[Date "2014.04.21"]
[Round "5"]
[White "Brozel, Sacha"]
[Black "Sano, Tomu"]
[Result "0-1"]
[WhiteElo "1751"]
[BlackElo "2135"]
[EventType "swiss"]
[EventRounds "6"]

1. d4 Nf6 2. c4 e6 3. g3 c5 4. d5 exd5 5. cxd5 d6 6. Nc3 g6 7. Bg2 Bg7 8. Nf3
O-O 9. O-O Re8 10. Nd2 b6 11. Nc4 Ba6 12. Qb3 Bxc4 13. Qxc4 a6 14. Bg5 h6 15.
Bxf6 Qxf6 16. Qa4 Qe7 17. Qf4 b5 18. Ne4 Bxb2 19. Rae1 Be5 20. Qxh6 Nd7 21. f4
Bg7 22. Qh3 Nf6 23. Nxf6+ Bxf6 24. e4 Bd4+ 25. Kh1 Kg7 26. f5 Be5 27. Qg4 Rh8
28. h4 Rh6 29. Rf3 Rah8 30. Bh3 f6 31. Rg1 b4 32. fxg6 Rxg6 33. Qf5 a5 34. Bg4
Rg5 35. Qd7 Qxd7 36. Bxd7 Rgh5 37. Kg2 c4 38. Rc1 c3 39. Ba4 R5h7 40. Kh3 Rc8
41. Rc2 Rc4 42. Re2 Rh8 43. g4 Rhc8 44. Rff2 Rd4 45. Kg2 Rh8 46. h5 Rd3 47.
Kf1 Kh6 48. Rf5 Rg8 49. Rg2 Rd4 50. Bc2 a4 51. Bxa4 Rxe4 52. Bd1 Rd4 53. Bf3
Rc4 54. Rc2 Re8 55. Kg2 Rb8 56. Kf1 Re8 57. Kg2 Rf4 58. Rxf4 Bxf4 59. Kf1 Kg5
60. Kg2 Bd2 61. Bd1 Re1 62. Bf3 Kf4 63. Kf2 Re3 64. Bd1 Re5 65. Bf3 f5 66.
gxf5 Kxf5 67. Kg2 Kf4 68. Kf2 Re3 69. Bd1 Re7 70. Bf3 Re5 71. Kg2 Ke3 72. Bg4
Kd3 73. Bd1 {Remaining moves unreadable, 0-1, 94.} {#R} 0-1

[Event "2nd Golders Green Open Apr 2014"]
[Site "?"]
[Date "2014.04.21"]
[Round "5"]
[White "Kane, Robert"]
[Black "Rogers, Tim"]
[Result "0-1"]
[WhiteElo "1875"]
[BlackElo "1968"]
[EventType "swiss"]
[EventRounds "6"]

1. d4 d5 2. Nf3 Nf6 3. e3 Bg4 4. c4 Bxf3 5. Qxf3 e6 6. Nc3 c6 7. Bd3 Be7 8.
O-O O-O 9. Rd1 Nbd7 10. e4 dxe4 11. Nxe4 Nxe4 12. Qxe4 g6 13. Bh6 Re8 14. Bc2
Bg5 15. Bxg5 Qxg5 16. f4 Qf6 17. b4 Nb6 18. Bb3 a5 19. a4 axb4 20. a5 Nd7 21.
a6 bxa6 22. Qxc6 Qxf4 23. Qxd7 Qe3+ 24. Kh1 Qxb3 25. Rf1 Rf8 26. Qb7 Qxc4 27.
Rxf7 Rxf7 28. Qxa8+ Kg7 29. h3 Qxd4 30. Qxa6 e5 31. Rf1 Rxf1+ 32. Qxf1 b3 33.
Qb5 b2 34. Qb7+ Kh6 35. g4 Qd1+ 36. Kh2 b1=Q 37. g5+ Kxg5 38. Qe7+ Kf5 39.
Qf7+ Ke4 40. Qc4+ Qd4 41. Qe2+ Kf5 {#R} 0-1

[Event "2nd Golders Green Open Apr 2014"]
[Site "?"]
[Date "2014.04.21"]
[Round "5"]
[White "Rice, Chris"]
[Black "Barasi, Paul"]
[Result "1-0"]
[WhiteElo "2014"]
[BlackElo "1854"]
[EventType "swiss"]
[EventRounds "6"]

1. c4 Nc6 2. g3 e5 3. Nc3 f5 4. Nf3 Nf6 5. d4 e4 6. Nh4 d5 7. Bg5 h6 8. Bxf6
Qxf6 9. Nxd5 Qf7 10. e3 Be6 11. Be2 O-O-O 12. Bh5 Qd7 13. Ng6 Bxd5 14. cxd5
Bb4+ 15. Kf1 Qxd5 16. Nxh8 Rxh8 17. Qb3 Qd6 18. Qf7 Rf8 19. Qxg7 Qd5 20. Qxh6
f4 21. gxf4 Nxd4 22. exd4 e3 23. Rg1 exf2 24. Rg2 c6 25. f5 Rxf5 26. Qh7 Rf8
27. Be2 Rf7 28. Qd3 Kc7 29. Rd1 Be1 30. Qg6 Kb6 31. b3 Rf4 32. Bc4 Qf3 33. Qd3
Qh5 34. d5 c5 35. Qg6+ {#r} 1-0

[Event "2nd Golders Green Open Apr 2014"]
[Site "?"]
[Date "2014.04.21"]
[Round "5"]
[White "Karayiannis, Costas"]
[Black "Vicek, Marek"]
[Result "1-0"]
[WhiteElo "2160"]
[BlackElo "1964"]
[EventType "swiss"]
[EventRounds "6"]

1. d4 Nf6 2. c4 e6 3. Nc3 Bb4 4. a3 Bxc3+ 5. bxc3 Ne4 6. e3 d5 7. Bd3 b6 8.
Bxe4 dxe4 9. Qg4 O-O 10. Qxe4 c6 11. Nf3 Ba6 12. Nd2 Qc7 13. a4 Nd7 14. O-O c5
15. Ba3 Bb7 16. Qb1 Rfd8 17. f3 Nf6 18. Qb3 Rab8 19. Rfd1 g5 20. e4 Qf4 21.
Nf1 Qc7 22. Bc1 h6 23. Be3 Nd7 24. Ng3 Ba6 25. Rac1 Rbc8 26. Qa2 cxd4 27. cxd4
Bxc4 28. Qd2 Nf8 29. f4 f6 30. fxg5 hxg5 31. Nh5 Nh7 32. Rc3 Qf7 33. Ng3 Qg6
34. Rdc1 Ba6 35. Rc7 Rxc7 36. Rxc7 f5 37. exf5 exf5 38. Qa2+ Kf8 39. Qc2 Rd5
40. Rxa7 Qe6 41. Bf2 Rxd4 42. Rxa6 Rc4 43. Qb2 Nf6 44. Rxb6 {#r} 1-0

[Event "2nd Golders Green Open Apr 2014"]
[Site "?"]
[Date "2014.04.21"]
[Round "5"]
[White "Bonafont, Philip"]
[Black "Farzaliyev, Kanan"]
[Result "1-0"]
[WhiteElo "2045"]
[BlackElo "1924"]
[EventType "swiss"]
[EventRounds "6"]

1. d4 Nf6 2. Nf3 g6 3. c4 Bg7 4. Nc3 c5 5. d5 d6 6. e4 O-O 7. h3 b5 8. cxb5 a6
9. b6 Qxb6 10. Bd3 Nbd7 11. O-O a5 12. Re1 Ba6 13. Rb1 Bxd3 14. Qxd3 a4 15.
Bf4 Nh5 16. Bg5 f6 17. Be3 Ne5 18. Qe2 Nxf3+ 19. Qxf3 f5 20. exf5 Rxf5 21. Qe4
Re5 22. Qc4 Qb4 23. Qd3 Nf4 24. Qd2 Nxd5 25. Bxc5 Qxc5 26. Rxe5 Bxe5 27. Nxd5
Qa7 28. Nxe7+ Kg7 29. Nc6 Qf7 30. Nxe5 dxe5 31. b4 axb3 32. Rxb3 Qf4 33. Qc2
Ra7 34. Qb2 Kh6 35. Re3 Qd4 36. Qc1 Kg7 37. a3 Rd7 38. Qc6 Rf7 39. Rf3 Rxf3
40. Qxf3 e4 41. Qe3 Qa4 42. g3 h5 43. h4 Kh7 44. Kg2 Qa8 45. Kh2 Qa4 46. Qc3
Qa7 47. Kg1 Qd7 48. Qb3 Qd4 49. a4 e3 50. fxe3 Qd2 51. Qf7+ Kh8 52. Qf3 Qe1+
53. Kg2 Qd2+ 54. Qf2 Qd5+ 55. Kh2 Kg7 56. Qe2 Qa5 57. Qb2+ Kh7 58. Qc2 Qe5 59.
Qd2 Qf5 60. a5 g5 61. hxg5 h4 62. gxh4 Qe5+ 63. Kh1 Qe4+ 64. Kg1 Qg4+ 65. Qg2
Qd1+ 66. Kh2 Qd6+ 67. Qg3 Qd2+ 68. Kh3 Qxa5 69. Qg4 Qe1 70. Qf3 Qb4 71. g6+
Kg7 72. Qf7+ Kh8 73. Qh7# 1-0

[Event "2nd Golders Green Open Apr 2014"]
[Site "?"]
[Date "2014.04.21"]
[Round "5"]
[White "Alin Dumitru, Paveliuc"]
[Black "Mircov, Nicola Alexandru"]
[Result "1/2-1/2"]
[WhiteElo "1909"]
[BlackElo "2153"]
[EventType "swiss"]
[EventRounds "6"]

1. e4 c5 2. Nf3 e6 3. d4 cxd4 4. Nxd4 Nf6 5. Nc3 Bb4 6. Bd3 d5 7. e5 Ne4 8.
Bd2 Nxd2 9. Qxd2 Qc7 10. O-O-O Bxc3 11. Qxc3 Qxc3 12. bxc3 {#d} 1/2-1/2

[Event "2nd Golders Green Open Apr 2014"]
[Site "?"]
[Date "2014.04.21"]
[Round "5"]
[White "Mitra, Roman C"]
[Black "Taylor, John Paul"]
[Result "1/2-1/2"]
[WhiteElo "1889"]
[BlackElo "1934"]
[EventType "swiss"]
[EventRounds "6"]

1. e4 e6 2. Qe2 c5 3. Nf3 Nc6 4. c3 d5 5. exd5 Qxd5 6. g3 Nf6 7. Bg2 Qd8 8.
O-O Be7 9. Rd1 O-O 10. d4 Qb6 11. dxc5 Bxc5 12. b4 Be7 13. Be3 Qc7 14. Bf4 Qb6
15. Be3 Qc7 16. Bf4 Qb6 17. Ne5 Nxe5 18. Bxe5 a5 19. Bd4 Qc7 20. Be5 Qb6 21.
Bd4 {#d} 1/2-1/2

[Event "2nd Golders Green Open Apr 2014"]
[Site "?"]
[Date "2014.04.21"]
[Round "5"]
[White "Anbukumar, Hajane"]
[Black "Darvish, Masoud"]
[Result "1-0"]
[WhiteElo "1648"]
[BlackElo "1458"]
[EventType "swiss"]
[EventRounds "6"]

1. d4 e6 2. Nf3 c5 3. c4 cxd4 4. Nxd4 Bb4+ 5. Bd2 Bxd2+ 6. Qxd2 Nf6 7. Nc3 Nc6
8. g3 Nxd4 9. Qxd4 b6 10. Bg2 Rb8 11. Nb5 a6 12. Nd6+ Kf8 13. O-O Ke7 14. e4
Ne8 15. e5 Qc7 16. Rad1 Qc5 17. Nxc8+ Rxc8 18. Qxd7+ Kf8 19. b3 Rc7 20. Qd4
Ke7 21. Rd2 Qxd4 22. Rxd4 Rd7 23. Rxd7+ Kxd7 24. Rd1+ Ke7 25. Bc6 g6 26. Rd7+
Kf8 27. Rb7 {#r} 1-0

[Event "2nd Golders Green Open Apr 2014"]
[Site "?"]
[Date "2014.04.21"]
[Round "6"]
[White "Sano, Tomu"]
[Black "Eden, Tomer"]
[Result "1/2-1/2"]
[WhiteElo "2135"]
[BlackElo "2216"]
[EventType "swiss"]
[EventRounds "6"]

1. e4 c6 2. d4 d5 3. Nc3 dxe4 4. Nxe4 Bf5 5. Ng3 Bg6 6. h4 h6 7. Nf3 Nd7 8. h5
Bh7 9. Bd3 Bxd3 10. Qxd3 e6 11. Bd2 Ngf6 12. O-O-O Be7 13. Kb1 O-O 14. Ne4
Nxe4 15. Qxe4 Nf6 16. Qe2 Qd5 17. Ne5 Qe4 18. Qxe4 Nxe4 19. Be3 Rfd8 20. g4 c5
21. f3 cxd4 22. Bxd4 Bc5 23. Bxc5 Nxc5 24. Kc1 f6 25. Nc4 e5 26. Na5 Rdc8 27.
Rd6 b6 28. Nb3 Nxb3+ 29. axb3 Rc7 30. Rhd1 Rac8 31. Rd8+ Rxd8 32. Rxd8+ Kf7
33. Kd2 {#d} 1/2-1/2

[Event "2nd Golders Green Open Apr 2014"]
[Site "?"]
[Date "2014.04.21"]
[Round "6"]
[White "Willmoth, Robert"]
[Black "Makepeace, Phil"]
[Result "0-1"]
[WhiteElo "2142"]
[BlackElo "2104"]
[EventType "swiss"]
[EventRounds "6"]

1. Nf3 d5 2. b3 Nf6 3. Bb2 e6 4. e3 Be7 5. g3 O-O 6. Bg2 b5 7. O-O Nbd7 8. Nd4
b4 9. Nc6 Qe8 10. c4 a5 11. cxd5 exd5 12. Qc2 Bd6 13. Rc1 Bb7 14. Nd4 c5 15.
Nf5 Be5 16. Bxe5 Nxe5 17. Nd6 Qd7 18. Nxb7 Qxb7 19. d3 Rac8 20. Nd2 Qa6 21.
Bf1 Qe6 22. h3 h5 23. Qd1 h4 24. g4 Nh7 25. Nf3 f5 26. gxf5 Nxf3+ 27. Qxf3
Rxf5 28. Qe2 Rcf8 29. f4 d4 30. exd4 Qf6 31. dxc5 Rxf4 32. Bg2 Rf2 33. Qg4 Rf4
34. Qe2 Qd4+ 35. Kh1 Rf2 36. Qe4 Qb2 37. Rg1 Kh8 38. Raf1 Rxf1 39. Rxf1 Rxf1+
40. Bxf1 Qf2 41. Qe8+ Nf8 42. Qh5+ Kg8 43. Be2 Qe1+ 44. Kg2 Qg3+ 45. Kf1 Qxh3+
46. Ke1 Qg3+ 47. Kd1 h3 48. d4 Qg1+ 49. Kc2 Qg2 50. Qf3 Ne6 51. Kd3 h2 52. Qf5
Qxe2+ 53. Kxe2 Nxd4+ 54. Kf2 Nxf5 55. Kg2 {#R} 0-1

[Event "2nd Golders Green Open Apr 2014"]
[Site "?"]
[Date "2014.04.21"]
[Round "6"]
[White "Rogers, Tim"]
[Black "Villiers, Thomas"]
[Result "1-0"]
[WhiteElo "1968"]
[BlackElo "2097"]
[EventType "swiss"]
[EventRounds "6"]

1. e4 c6 2. d4 d5 3. e5 Bf5 4. Be2 e6 5. Nf3 Nd7 6. O-O Ne7 7. Nbd2 Bg6 8. Nh4
c5 9. Nxg6 hxg6 10. c3 Nf5 11. Nf3 Qb6 12. a3 Be7 13. b4 cxd4 14. cxd4 Rc8 15.
Bb2 O-O 16. Qd2 Qd8 17. Rac1 Nb6 18. Rxc8 Qxc8 19. Rc1 Qd7 20. g4 Nh6 21. h3
Rc8 22. Rxc8+ Qxc8 23. Qc3 Qxc3 24. Bxc3 Kf8 25. Nd2 Na4 26. Ba1 Ng8 27. Nb3
Bg5 28. Kg2 Ne7 29. Kg3 Nc8 30. f4 Bd8 31. Bb5 Ncb6 32. Na5 a6 33. Bd3 Nc4 34.
Nxb7 Bb6 35. Nc5 Bxc5 36. dxc5 Nxa3 37. Bxa6 Nc2 38. Bb5 Nxc5 39. bxc5 Nxa1
40. Ba4 Ke7 41. Kf3 f6 42. g5 fxg5 43. fxg5 Kd8 44. Ke3 Kc7 45. Kd4 Kb7 46.
Kc3 d4+ 47. Kxd4 Ka6 48. c6 Kb6 49. Kc3 Nc2 50. Kxc2 {#r} 1-0

[Event "2nd Golders Green Open Apr 2014"]
[Site "?"]
[Date "2014.04.21"]
[Round "6"]
[White "Landau, Jonathan"]
[Black "Rice, Chris"]
[Result "1/2-1/2"]
[WhiteElo "1921"]
[BlackElo "2014"]
[EventType "swiss"]
[EventRounds "6"]

1. e4 e6 2. d4 d5 3. e5 c5 4. c3 Qb6 5. Nf3 Nc6 6. Bd3 Bd7 7. O-O cxd4 8. cxd4
Nxd4 9. Nbd2 Nc6 10. Nb3 Nge7 11. Be3 Qc7 12. Rc1 Ng6 13. Nc5 Bxc5 14. Bxc5
Ngxe5 15. Nxe5 Qxe5 16. b4 b6 17. Re1 Qf4 18. g3 Qb8 19. Be3 Nxb4 20. Bf4 Qd8
21. Bd6 Nxd3 22. Qxd3 Rc8 23. Rxc8 Bxc8 24. Qxd5 Qd7 25. Qd2 Bb7 26. Rc1 Bc6
27. Rc3 f5 28. Qc1 Bb7 29. Qf4 Bc6 30. Qc1 Bb7 31. Qf4 {#d} 1/2-1/2

[Event "2nd Golders Green Open Apr 2014"]
[Site "?"]
[Date "2014.04.21"]
[Round "6"]
[White "Brozel, Sacha"]
[Black "Bonafont, Philip"]
[Result "0-1"]
[WhiteElo "1751"]
[BlackElo "2045"]
[EventType "swiss"]
[EventRounds "6"]

1. d4 d5 2. Nf3 Nf6 3. g3 c6 4. c4 dxc4 5. Bg2 Bf5 6. Ne5 Nbd7 7. Nxc4 e6 8.
O-O Be7 9. Nc3 O-O 10. e4 Bg6 11. Bf4 Nb6 12. Ne5 c5 13. Nxg6 hxg6 14. d5 exd5
15. exd5 Bd6 16. Bg5 Qd7 17. a4 a6 18. a5 Nc4 19. b3 Ne5 20. Re1 Qc7 21. Ra4
Ned7 22. Qd2 Rfe8 23. Rc1 Rac8 24. Bh3 Rcd8 25. Bxd7 Qxd7 26. Bxf6 gxf6 27.
Qh6 Bf8 28. Qf4 f5 29. Rc4 Rc8 30. Na4 Qb5 31. d6 Rcd8 32. Nxc5 Bxd6 33. Qf3
Bxc5 34. Rxc5 Qb4 35. Kg2 Re4 36. Rc7 Qb5 37. Re7 Rxe7 {#R} 0-1

[Event "2nd Golders Green Open Apr 2014"]
[Site "?"]
[Date "2014.04.21"]
[Round "6"]
[White "Vicek, Marek"]
[Black "Barasi, Paul"]
[Result "1-0"]
[WhiteElo "2018"]
[BlackElo "1854"]
[EventType "swiss"]
[EventRounds "6"]

1. d4 d5 2. Nf3 Nc6 3. e3 Bf5 4. c3 a6 5. Nbd2 Nf6 6. Nh4 Bd7 7. Be2 e5 8.
dxe5 Nxe5 9. Nhf3 Nxf3+ 10. Nxf3 Bd6 11. b3 O-O 12. Bb2 Qe7 13. a4 Rfe8 14.
O-O Rad8 15. Re1 c5 16. Qc2 Ne4 17. c4 dxc4 18. bxc4 Bc6 19. Bd3 Bc7 20. Rad1
Rd6 21. Ne5 Rxd3 22. Nxd3 Qh4 23. Nf4 g5 24. g3 Nxg3 25. fxg3 Qh6 26. Nd5 Qh5
27. Nxc7 {#r} 1-0

[Event "2nd Golders Green Open Apr 2014"]
[Site "?"]
[Date "2014.04.21"]
[Round "6"]
[White "Farzaliyev, Kanan"]
[Black "Taylor, John Paul"]
[Result "0-1"]
[WhiteElo "1924"]
[BlackElo "1934"]
[EventType "swiss"]
[EventRounds "6"]

1. e4 e6 2. d4 d5 3. Nc3 Bb4 4. e5 c5 5. a3 Bxc3+ 6. bxc3 Ne7 7. a4 Qa5 8. Qd2
cxd4 9. cxd4 Qxd2+ 10. Bxd2 Nbc6 11. Nf3 Nf5 12. c3 Na5 13. Bd3 Bd7 14. O-O
Rc8 15. g4 Ne7 16. Rfb1 b6 17. Ba6 Rc7 18. Kg2 Nec6 19. Be1 O-O 20. Bd2 Nb8
21. Bb5 Bc6 22. Bd3 Bb7 23. h4 Ba6 24. Bxa6 Nxa6 25. c4 Nxc4 26. a5 bxa5 27.
Bxa5 Nxa5 28. Rxa5 Nb8 29. Rab5 Nc6 30. Rc5 Rfc8 31. Rbc1 Kf8 32. Kg3 Ke8 33.
h5 Kd8 34. h6 gxh6 35. Rh1 Nxd4 36. Nxd4 Rxc5 37. Rxh6 a5 38. Rxh7 Ke7 39. f4
Rc3+ 40. Kh4 Rc1 41. Rg7 Rh8+ 42. Kg5 Kf8 43. Nxe6+ fxe6 44. Ra7 Rc8 45. f5
exf5 46. gxf5 Re8 47. e6 Re7 48. Ra8+ Re8 49. Ra7 Rh2 50. Kf6 Re2 51. Rxa5 d4
52. Rd5 Kg8 53. Kg6 Rg2+ 54. Kh6 Kf8 55. Rxd4 Ke7 56. Rd7+ Kf6 57. Rf7+ Ke5
58. e7 Rh8+ 59. Rh7 Rh2+ 60. Kg6 R2xh7 61. f6 Ke6 62. e8=Q+ Rxe8 63. f7 Rxf7
{#R} 0-1

[Event "2nd Golders Green Open Apr 2014"]
[Site "?"]
[Date "2014.04.21"]
[Round "6"]
[White "Mitra, Roman C"]
[Black "Anbukumar, Hajane"]
[Result "1/2-1/2"]
[WhiteElo "1889"]
[BlackElo "1648"]
[EventType "swiss"]
[EventRounds "6"]

1. e4 c5 2. Nf3 e6 3. e5 a6 4. a4 Nc6 5. c3 Qc7 6. Qe2 d6 7. exd6 Bxd6 8. g3
Nf6 9. Bg2 Na5 10. O-O Nb3 11. Ra2 Bd7 12. d4 Nxc1 13. Rxc1 O-O 14. dxc5 Bxc5
15. Rd1 Bc6 16. b4 Be7 17. Nd4 Bxg2 18. Kxg2 Rfd8 19. Rad2 Rd6 20. c4 Rad8 21.
c5 R6d7 22. Kg1 Kh8 23. a5 Nd5 24. Qc4 Bf6 25. Ne2 Ne7 26. Rxd7 Rxd7 27. Rxd7
Qxd7 28. Nbc3 Qd2 29. Ne4 Qd1+ 30. Kg2 Qd5 31. Qxd5 Nxd5 32. Nd6 Kg8 33. Nc1
Nxb4 34. Nb3 Nc6 35. Nxb7 Kf8 36. Nd6 Bd8 37. Nc4 Ke7 38. Kf3 Bc7 39. Nb6 {#d}
1/2-1/2

[Event "2nd Golders Green U1900 Apr 2014"]
[Site "Golders Green"]
[Date "2014.04.19"]
[Round "1"]
[White "McCabe, Shane"]
[Black "Lim, Peter Yu Chin"]
[Result "1-0"]
[WhiteElo "1898"]
[BlackElo "1651"]
[EventType "swiss"]
[EventRounds "6"]

1. d4 d5 2. Nf3 c6 3. h3 Nf6 4. Bg5 Ne4 5. Bf4 e6 6. Nbd2 Nxd2 7. Qxd2 Bd6 8.
Be5 f6 9. Bxd6 Qxd6 10. e3 b6 11. Bd3 Ba6 12. O-O O-O 13. Rfe1 e5 14. e4 Bxd3
15. Qxd3 Nd7 16. dxe5 fxe5 17. exd5 cxd5 18. Rad1 d4 19. Ng5 Nf6 20. Qb3+ Nd5
21. c4 Qg6 22. Rxe5 Nf4 23. g3 h6 24. gxf4 Rxf4 25. Qd3 Qxd3 26. Rxd3 hxg5 27.
Rxg5 Raf8 28. Rg2 Re8 29. Kf1 Rfe4 30. Rg4 Re1+ 31. Kg2 R1e2 32. Rdxd4 Rf8 33.
Rd7 Rexf2+ 34. Kg3 R2f3+ 35. Kh4 R8f7 36. Rxf7 Kxf7 37. Rd4 Ke6 38. b4 Rc3 39.
Kg4 Rc2 40. a3 Rc3 41. a4 Ra3 42. c5 bxc5 43. bxc5 Ke5 44. Rc4 Rd3 45. c6 Rd8
46. c7 Rc8 47. Kg5 Ke6 48. Kg6 Kd7 49. h4 Re8 {#r} 1-0

[Event "2nd Golders Green U1900 Apr 2014"]
[Site "Golders Green"]
[Date "2014.04.19"]
[Round "1"]
[White "Baroukh, Leon"]
[Black "Joslin, Tim"]
[Result "0-1"]
[WhiteElo "1644"]
[BlackElo "1835"]
[EventType "swiss"]
[EventRounds "6"]

1. d4 Nf6 2. Nf3 e6 3. Bg5 h6 4. Bh4 Be7 5. Nc3 b6 6. e4 Nxe4 7. Bxe7 Nxc3 8.
Bxd8 Nxd1 9. Rxd1 Kxd8 10. g3 Bb7 11. Bg2 d6 12. O-O Ke7 13. Rfe1 Nd7 14. c4
a5 15. Rd3 Rhe8 16. d5 Nc5 17. Rde3 e5 18. Nd4 Kf8 19. Nb5 Re7 20. Nd4 g6 21.
h4 Rae8 22. Nb5 Ba6 23. Na3 f5 24. b3 Kg7 25. f3 Kf6 26. Nc2 g5 27. hxg5+ hxg5
28. R3e2 f4 29. g4 Bc8 30. Na3 e4 31. fxe4 Bxg4 32. Rb2 Nd3 33. Rbb1 Nxe1 34.
Rxe1 Bh5 35. Kf2 g4 36. Rh1 Kg5 37. Nb5 g3+ 38. Kf1 f3 39. Rxh5+ Kxh5 40.
Bxf3+ Kg5 41. Kg2 Kf4 42. Nc3 Rg8 43. Ne2+ Ke3 44. Ng1 Rh7 45. a3 Rh2+ 46. Kf1
g2+ 47. Ke1 Rh1 48. Kd1 Rxg1+ 49. Kc2 Kxf3 50. e5 dxe5 51. b4 Rh1 52. bxa5
g1=Q 53. axb6 Qxb6 54. a4 Rg2+ 55. Kc3 Qb2+ 56. Kd3 Qd4# 0-1

[Event "2nd Golders Green U1900 Apr 2014"]
[Site "Golders Green"]
[Date "2014.04.19"]
[Round "1"]
[White "Finnegan, Oliver"]
[Black "Mitchell, Robert"]
[Result "0-1"]
[WhiteElo "1818"]
[BlackElo "1640"]
[EventType "swiss"]
[EventRounds "6"]

1. d4 d6 2. c4 e5 3. dxe5 dxe5 4. Qxd8+ Kxd8 5. g3 c6 6. Bg2 Be6 7. b3 Bc5 8.
Bb2 f6 9. Nc3 Nd7 10. a3 a5 11. Nf3 Nh6 12. O-O Kc7 13. Rad1 Nf5 14. Ne4 Be7
15. Nfd2 Nd6 16. Nxd6 Bxd6 17. Ne4 Be7 18. Rc1 Nc5 19. Nxc5 Bxc5 20. Rfd1 Rhd8
21. Bf3 Rd7 22. Rxd7+ Bxd7 23. h4 Re8 24. Bc3 Bxa3 25. Bxa5+ b6 26. Ra1 bxa5
27. Rxa3 Kb6 28. Be4 f5 29. Bc2 c5 30. Ra1 Re7 31. Rd1 g6 32. e3 Bc6 33. Kh2
Rd7 34. h5 Rxd1 35. Bxd1 a4 36. bxa4 Ka5 37. g4 Bxa4 38. gxf5 gxf5 39. Be2 Kb4
40. Bd3 e4 41. Bf1 Bd7 42. Kg3 Be6 43. Kf4 Bxc4 44. Bh3 Be6 45. Ke5 c4 46.
Kxe6 c3 47. Bxf5 c2 48. Bxh7 c1=Q 49. Bxe4 Qc4+ 50. Kf5 Qf7+ 51. Kg5 Qxf2 52.
Bg6 Qxe3+ 53. Kf6 Qh6 54. Kf5 Kc5 55. Ke5 Qg7+ 56. Kf5 Kd6 57. Kg5 Ke7 58. Kf5
Qf6+ 59. Ke4 Kd6 60. Kd3 Qf4 61. Be4 Ke5 62. Bg6 Kd5 63. Ke2 Kd4 64. Kd1 Qh2
65. Be8 Kc3 {#R} 0-1

[Event "2nd Golders Green U1900 Apr 2014"]
[Site "Golders Green"]
[Date "2014.04.19"]
[Round "1"]
[White "Onslow, Alfie"]
[Black "Healeas, Simon"]
[Result "1/2-1/2"]
[WhiteElo "1638"]
[BlackElo "1814"]
[EventType "swiss"]
[EventRounds "6"]

1. Nf3 Nf6 2. g3 g6 3. Bg2 Bg7 4. O-O O-O 5. Re1 d5 6. c3 c5 7. d4 cxd4 8.
cxd4 Nc6 9. Nc3 Bf5 10. Nh4 Bg4 11. h3 Be6 12. a3 Rc8 13. Nf3 Ne4 14. Be3 Nxc3
15. bxc3 h6 16. Rb1 Na5 17. Bd2 b6 18. Bf1 Qd7 19. Kh2 Bf5 20. Rb4 Nc4 21.
Rxc4 dxc4 22. e4 Be6 23. d5 Bxd5 24. exd5 Qxd5 25. Bg2 Rfd8 26. Nd4 Qc5 27.
Qc1 Kh7 28. Be3 Qc7 29. Nc6 Rd3 30. Bf4 e5 31. Nxe5 {#d} 1/2-1/2

[Event "2nd Golders Green U1900 Apr 2014"]
[Site "Golders Green"]
[Date "2014.04.19"]
[Round "1"]
[White "Clegg, Chris RA"]
[Black "Willmoth, Harrison"]
[Result "1-0"]
[WhiteElo "1799"]
[BlackElo "1623"]
[EventType "swiss"]
[EventRounds "6"]

1. e4 d6 2. Nc3 Nf6 3. d4 c6 4. h3 e6 5. Nf3 Be7 6. Be2 O-O 7. O-O d5 8. e5
Nfd7 9. a3 c5 10. Be3 Nc6 11. dxc5 Ncxe5 12. Nxe5 Nxe5 13. f4 Nd7 14. b4 Nf6
15. Bf3 Bd7 16. Bd4 Rc8 17. Qd2 a5 18. Rab1 axb4 19. axb4 Ra8 20. g4 Qc7 21.
Kg2 Rfc8 22. g5 Ne8 23. f5 Rd8 24. Qe3 g6 25. f6 Bf8 26. h4 Qc8 27. Rh1 Ra6
28. h5 Qa8 29. hxg6 hxg6 30. Qf4 Ra2 31. Nxa2 Qxa2 32. Rbc1 Bg7 33. fxg7 Nxg7
34. Qf6 {#r} 1-0

[Event "2nd Golders Green U1900 Apr 2014"]
[Site "Golders Green"]
[Date "2014.04.19"]
[Round "1"]
[White "Karel, Ayse"]
[Black "Kazmierczak, Milosz"]
[Result "1-0"]
[WhiteElo "1600"]
[BlackElo "1790"]
[EventType "swiss"]
[EventRounds "6"]

1. d4 Nf6 2. Nc3 d5 3. e4 Nxe4 4. Nxe4 dxe4 5. Bc4 e6 6. Ne2 a6 7. O-O b5 8.
Bb3 Bb7 9. c3 Bd6 10. Ng3 O-O 11. Qg4 Bxg3 12. fxg3 Qe7 13. Bh6 f5 14. Bxe6+
Kh8 15. Rxf5 Nc6 16. Bg5 Qd6 17. Bf4 Qe7 18. Rh5 Qf6 19. Rxh7+ {#r} 1-0

[Event "2nd Golders Green U1900 Apr 2014"]
[Site "Golders Green"]
[Date "2014.04.19"]
[Round "1"]
[White "Hewitt, Robert"]
[Black "Balouka Myers, Gabriel"]
[Result "1-0"]
[WhiteElo "1765"]
[BlackElo "1572"]
[EventType "swiss"]
[EventRounds "6"]

1. e4 c6 2. d4 d5 3. exd5 cxd5 4. c4 dxc4 5. Bxc4 e6 6. Nf3 Nf6 7. O-O a6 8.
Nc3 b5 9. Bb3 Bb7 10. Re1 Be7 11. Bg5 Nbd7 12. Bc2 O-O 13. Qd3 Re8 14. Ne5
Nxe5 15. Rxe5 g6 16. Rd1 Qc7 17. Qg3 b4 18. Ba4 bxc3 19. Bxe8 Rxe8 20. Bf4 Nh5
21. Rxh5 {#r} 1-0

[Event "2nd Golders Green U1900 Apr 2014"]
[Site "Golders Green"]
[Date "2014.04.19"]
[Round "1"]
[White "Ritchie, Paul"]
[Black "Selvarattinam, Gengadharan"]
[Result "1-0"]
[WhiteElo "1570"]
[BlackElo "1719"]
[EventType "swiss"]
[EventRounds "6"]

1. e4 e5 2. Nc3 Nf6 3. Nf3 Nc6 4. d4 exd4 5. Nxd4 Be7 6. Nxc6 dxc6 7. Qxd8+
Bxd8 8. Bg5 Be6 9. Bd3 Ng4 10. Bf4 O-O 11. f3 g5 12. Bd2 Ne5 13. Be2 Nc4 14.
Bxc4 Bxc4 15. O-O-O Bf6 16. Rde1 h6 17. h4 Rfe8 18. hxg5 hxg5 19. Rh5 Re5 20.
Reh1 Rae8 21. b3 Ba6 22. Na4 g4 23. Rxe5 Bxe5 24. f4 Bg7 25. e5 f6 26. exf6
Bxf6 27. Nc5 Re2 28. Nxa6 bxa6 29. g3 Rg2 30. Be1 Kg7 31. Rh5 Rg1 32. Kd2 Rg2+
33. Kd3 Rg1 34. Bf2 Rf1 35. Ke2 Rc1 36. Rc5 Rh1 37. Rxc6 Rh2 38. Rxc7+ Kg6 39.
Rc6 Kf5 40. Ke3 Bd8 41. c4 Rh1 42. b4 Rb1 43. Rc5+ Ke6 44. Re5+ Kd7 45. Ke4
Rf1 46. Rd5+ Kc7 47. Bxa7 Be7 48. c5 Kc6 49. a4 Re1+ 50. Kf5 Kxd5 51. Kxg4 Kc6
52. Kf5 Rb1 53. Ke6 Bd8 54. b5+ axb5 55. axb5+ Rxb5 56. f5 Rb7 57. Bb6 Bg5 58.
f6 Bh6 59. g4 Rb8 60. f7 Bf8 61. g5 Ra8 62. g6 Ra2 63. Kf5 Bg7 64. Ke6 Re2+
65. Kf5 Kd7 66. Kf4 Ke6 67. c6 Rc2 68. c7 Kd7 69. Kf5 Rc6 70. Bd4 Bf8 71. g7
Bxg7 72. Bxg7 Rc5+ 73. Kg6 Rc6+ 74. Bf6 {#r} 1-0

[Event "2nd Golders Green U1900 Apr 2014"]
[Site "Golders Green"]
[Date "2014.04.19"]
[Round "1"]
[White "Parry, Jacques"]
[Black "O'Caolaidhe, Cormac"]
[Result "1/2-1/2"]
[WhiteElo "1759"]
[BlackElo "1555"]
[EventType "swiss"]
[EventRounds "6"]

1. d4 d5 2. c4 e6 3. Nf3 Nf6 4. Bg5 Be7 5. e3 Ne4 6. Bf4 Bb4+ 7. Nbd2 Nxd2 8.
Nxd2 c6 9. a3 Bd6 10. Qg4 O-O 11. Qg3 Bxf4 12. Qxf4 Nd7 13. e4 Qf6 14. Qxf6
Nxf6 15. e5 Ng4 16. h3 Nh6 17. g4 f6 18. Nf3 fxe5 19. Nxe5 Nf7 20. O-O-O Nxe5
21. dxe5 Rxf2 22. Rd2 Rf4 23. b3 Bd7 24. Bd3 Raf8 25. Rdd1 c5 26. cxd5 exd5
27. Rde1 Be6 28. Kd2 Rf2+ 29. Re2 g6 30. Rh2 Rxh2 31. Rxh2 c4 32. bxc4 dxc4
33. Be4 Rf7 34. Kc3 b5 35. Rb2 a6 36. a4 Rf4 37. Bc6 Rf1 38. axb5 axb5 39.
Rxb5 h5 40. gxh5 gxh5 41. Bg2 Rf2 42. Rb2 Rxb2 43. Kxb2 h4 44. Kc3 Kg7 45. Bf1
Kg6 46. Bxc4 Bxh3 47. Bd5 Kg5 48. Kd4 Kf4 49. e6 Bxe6 50. Bxe6 {#d} 1/2-1/2